Little Looping Word Chains II Quiz Stats

 Plays Quiz Updated Feb 20, 2013

Challenge
Share
Tweet
Embed
Score 0/48 Timer 03:00
1 Play Today
% Correct
pleasant odor
100%
metaphorical saying
100%
Trojan War epic
100%
crystal-lined stone
100%
evil spirit
100%
lift
100%
the gem state
100%
condition
100%
lukewarm
100%
run off to marry
100%
oppose authority
100%
pitted fruit
100%
unpleasant task
100%
gorge
100%
exact counterpart
100%
a sense
100%
camel cousin
100%
veranda
100%
pace
100%
seat
100%
extremely angry
100%
striped equine
100%
corn variety
100%
airplane detector
100%
% Correct
ZEBRA
79.8%
ELOPE
75.4%
SMELL
74.8%
RADAR
73.7%
AROMA
72.3%
MAIZE
71.7%
CHAIR
68.1%
LLAMA
66.4%
PEACH
65.3%
IRATE
64.5%
PORCH
63.1%
CHORE
62.2%
REBEL
60.3%
TEPID
53.1%
TEMPO
52%
IDAHO
50.6%
ILIAD
50.1%
CHASM
49.4%
MATCH
48.9%
STATE
46.4%
HOIST
43.8%
DEVIL
42.2%
ADAGE
37.4%
GEODE
30.5%

You're not logged in!

Compare scores with friends on all Sporcle quizzes.
Join for Free
OR
Log In

You Might Also Like...

Show Comments

Extras

Top Quizzes Today


Score Distribution

Your Account Isn't Verified!

In order to create a playlist on Sporcle, you need to verify the email address you used during registration. Go to your Sporcle Settings to finish the process.

Report this User

Report this user for behavior that violates our Community Guidelines.

Details: